[Event "BEM2013 Allgemeine Gruppe"]
[Site "Roses Westerndorf St. Peter"]
[Date "2013.08.26"]
[Round "2.13"]
[White "Müller, Michael"]
[Black "Lochte, Thomas"]
[Result "1/2-1/2"]
[WhiteElo "2091"]
[BlackElo "2164"]
[PlyCount "64"]
[EventDate "2013.??.??"]
[EventCountry "ESP"]
[WhiteTeam "SC Bayerwald Regen/Zwiesel e.V."]
[BlackTeam "SK Weilheim"]

1. g3 e5 2. Bg2 d5 3. d3 Nc6 4. Nc3 d4 5. Nb1 Be7 6. c3 Be6 7. Nf3 g5 8. cxd4
exd4 9. Qa4 Bd5 10. e4 dxe3 11. Bxe3 Bb4+ 12. Bd2 g4 13. Bxb4 gxf3 14. Bh3 b5
15. Qa3 Nxb4 16. Qxb4 Qe7+ 17. Qxe7+ Nxe7 18. Nc3 Bc6 19. O-O-O O-O 20. Rhe1
Rfe8 21. Re5 b4 22. Ne4 Kg7 23. Bg4 Ng6 24. Rc5 Ne5 25. Bxf3 f5 26. Rxc6 Nxc6
27. Nc5 Nd4 28. Bxa8 Rxa8 29. Re1 Kf6 30. f4 Rd8 31. Re5 Rd6 32. Kd1 Nf3
1/2-1/2

[Event "BEM2013 Allgemeine Gruppe"]
[Site "Roses Westerndorf St. Peter"]
[Date "2013.08.26"]
[Round "2.14"]
[White "Jussupow, Nadia"]
[Black "Eichner, Manfred"]
[Result "1/2-1/2"]
[WhiteElo "2156"]
[BlackElo "2042"]
[PlyCount "56"]
[EventDate "2013.??.??"]
[EventCountry "ESP"]
[WhiteTeam "SK Krumbach"]
[BlackTeam "SK 1908 Göggingen"]

1. e4 c5 2. d4 cxd4 3. c3 d5 4. exd5 Qxd5 5. cxd4 Nc6 6. Nf3 Bg4 7. Nc3 Bxf3 8.
Nxd5 Bxd1 9. Nc7+ Kd7 10. Nxa8 Bg4 11. Bb5 Nf6 12. O-O e6 13. h3 Bf5 14. Bg5
Ne4 15. Be3 Bd6 16. g4 Bg6 17. d5 exd5 18. Rfd1 Rxa8 19. Rxd5 Ke7 20. Rad1 Rd8
21. f3 Nf6 22. R5d2 Ne8 23. Kg2 a6 24. Bxc6 bxc6 25. Bc5 f5 26. Re1+ Kf7 27.
Red1 Ke7 28. Re1+ Kf7 1/2-1/2

[Event "BEM2013 Allgemeine Gruppe"]
[Site "Roses Westerndorf St. Peter"]
[Date "2013.08.26"]
[Round "2.15"]
[White "Probst, Albert"]
[Black "Eichinger, Christoph"]
[Result "1-0"]
[WhiteElo "2123"]
[BlackElo "1989"]
[PlyCount "79"]
[EventDate "2013.??.??"]
[EventCountry "ESP"]
[WhiteTeam "SK Bruckmühl e.V."]
[BlackTeam "TSV Kareth-Lappersdorf"]

1. f4 Nf6 2. Nf3 g6 3. b3 Bg7 4. Bb2 O-O 5. e3 d6 6. Be2 c5 7. O-O Nbd7 8. a4
b6 9. Na3 Bb7 10. Ng5 e5 11. Nc4 Qe7 12. fxe5 dxe5 13. d3 h6 14. Bf3 Nd5 15.
Ne4 Rad8 16. Qe2 Ba8 17. Ned2 Nb4 18. Bxa8 Rxa8 19. Ne4 Rad8 20. Rae1 f5 21.
Ng3 Kh7 22. Nh1 e4 23. Bxg7 Kxg7 24. Nf2 Nf6 25. Rd1 Nfd5 26. Qd2 Na2 27. Ra1
Nac3 28. Nd1 Qf6 29. d4 cxd4 30. exd4 Qg5 31. Qe1 Nxd1 32. Rxd1 a6 33. h4 Qe7
34. Ne5 Rf6 35. c4 Nb4 36. Qc3 Re6 37. Qg3 Rxe5 38. dxe5 Rxd1 39. Rxd1 Nd3 40.
Qe3 1-0

[Event "BEM2013 Allgemeine Gruppe"]
[Site "Roses Westerndorf St. Peter"]
[Date "2013.08.26"]
[Round "3.1"]
[White "Reich, Thomas"]
[Black "Schmid, Roland"]
[Result "1/2-1/2"]
[WhiteElo "2382"]
[BlackElo "2235"]
[PlyCount "73"]
[EventDate "2013.??.??"]
[EventCountry "ESP"]
[WhiteTeam "FC Bayern München e.V."]
[BlackTeam "TSV Wacker Neutraubling"]

1. Nf3 Nf6 2. d4 e6 3. c4 b6 4. g3 Ba6 5. Qa4 c5 6. Bg2 Bb7 7. O-O cxd4 8. Nxd4
Bxg2 9. Kxg2 Qc8 10. Nc3 Nc6 11. Nxc6 Qxc6+ 12. Qxc6 dxc6 13. Bg5 Be7 14. Rad1
Rd8 15. b3 h6 16. Bxf6 Bxf6 17. Ne4 Be7 18. f4 f5 19. Nf2 Kf7 20. Nd3 Bd6 21.
Rd2 Kf6 22. Rfd1 Ke7 23. Kf3 g5 24. h3 Rhg8 25. e4 a5 26. c5 Bxc5 27. Ne5 Rxd2
28. Rxd2 fxe4+ 29. Kxe4 gxf4 30. g4 Bd6 31. Nxc6+ Kd7 32. Ne5+ Ke7 33. Kxf4 Rg5
34. Rxd6 Kxd6 35. Nf7+ Kd5 36. Nxg5 hxg5+ 37. Kxg5 1/2-1/2

[Event "BEM2013 Allgemeine Gruppe"]
[Site "Roses Westerndorf St. Peter"]
[Date "2013.08.26"]
[Round "3.2"]
[White "Wittmann, Helmut"]
[Black "Baldauf, Marco"]
[Result "1/2-1/2"]
[WhiteElo "2093"]
[BlackElo "2412"]
[PlyCount "72"]
[EventDate "2013.??.??"]
[EventCountry "ESP"]
[WhiteTeam "BSG Wöhrlhaus Erlangen"]
[BlackTeam "SG Pang-Rosenheim 1910 e.V."]

1. d4 Nf6 2. Nf3 c5 3. d5 e6 4. Nc3 b5 5. dxe6 fxe6 6. e4 b4 7. Nb5 a6 8. Nd6+
Bxd6 9. Qxd6 Nxe4 10. Qe5 Bb7 11. Bd3 Nf6 12. Qxc5 Nc6 13. Bf4 Nd5 14. Bd6 Rc8
15. Be4 Nce7 16. Qa7 Ba8 17. Qxa6 O-O 18. Qd3 Nf5 19. Bxd5 Bxd5 20. Bxf8 Qxf8
21. O-O Qf6 22. Rfd1 Rc4 23. Qe2 Qxb2 24. Rxd5 Qxa1+ 25. Rd1 Qxa2 26. Rxd7 Rxc2
27. Rd8+ Kf7 28. Ne5+ Ke7 29. Qd1 Rc7 30. h3 Qc2 31. Rd7+ Ke8 32. Rd8+ Ke7 33.
Rd7+ Kf6 34. Ng4+ Kg6 35. Qe1 Rxd7 36. Qxe6+ Kg5 1/2-1/2

[Event "BEM2013 Allgemeine Gruppe"]
[Site "Roses Westerndorf St. Peter"]
[Date "2013.08.26"]
[Round "3.3"]
[White "Wilfert, André"]
[Black "Pohl-Kuemmel, Jens-Uwe"]
[Result "1/2-1/2"]
[WhiteElo "2057"]
[BlackElo "2292"]
[PlyCount "41"]
[EventDate "2013.??.??"]
[EventCountry "ESP"]
[WhiteTeam "1.FC Marktleuthen"]
[BlackTeam "TSV Wacker Neutraubling"]

1. c4 g6 2. Nc3 Bg7 3. g3 Nf6 4. Bg2 O-O 5. Nf3 d6 6. d4 c6 7. e4 Bg4 8. Be3
Qa5 9. Qc2 c5 10. O-O Bxf3 11. Bxf3 cxd4 12. Bxd4 Nc6 13. Be3 Rac8 14. Be2 Nd7
15. Rfd1 Nc5 16. Rac1 Nb4 17. Qb1 Bxc3 18. Rxc3 Qxa2 19. Qxa2 Nxa2 20. Ra3 Nb4
21. Rxa7 1/2-1/2

[Event "BEM2013 Allgemeine Gruppe"]
[Site "Roses Westerndorf St. Peter"]
[Date "2013.08.26"]
[Round "3.4"]
[White "Stips, Felix"]
[Black "Nagy, Laszlo"]
[Result "1-0"]
[WhiteElo "2287"]
[BlackElo "1945"]
[PlyCount "77"]
[EventDate "2013.??.??"]
[EventCountry "ESP"]
[WhiteTeam "TSV Bindlach Aktionär-Schachabte"]
[BlackTeam "SG Vogtareuth-Prutting"]

1. Nf3 c5 2. c4 Nf6 3. Nc3 g6 4. d4 Bg7 5. e4 cxd4 6. Nxd4 d6 7. Be2 O-O 8. O-O
Nc6 9. Be3 Nd7 10. Nb3 b6 11. Qd2 Re8 12. f3 Bb7 13. Rfd1 Rc8 14. Rac1 Qc7 15.
Kh1 Qb8 16. Bf1 Nc5 17. Na1 Red8 18. Nc2 Ne6 19. b3 Ne5 20. Nd5 Re8 21. Qf2 Nc7
22. Qh4 Nxd5 23. exd5 Rc7 24. Nd4 Bc8 25. Be2 Bf6 26. Qg3 Kh8 27. f4 Nd7 28.
Bf3 Nf8 29. Nc6 Qb7 30. b4 Nd7 31. c5 bxc5 32. bxc5 Qa6 33. cxd6 exd6 34. Qf2
Nc5 35. Bxc5 dxc5 36. Qxc5 Qxa2 37. Qd6 Bd8 38. Nxd8 Qd2 39. Qxc7 1-0

[Event "BEM2013 Allgemeine Gruppe"]
[Site "Roses Westerndorf St. Peter"]
[Date "2013.08.26"]
[Round "3.5"]
[White "Straub, Jürgen"]
[Black "Willim, Michael"]
[Result "1/2-1/2"]
[WhiteElo "2218"]
[BlackElo "2111"]
[PlyCount "83"]
[EventDate "2013.??.??"]
[EventCountry "ESP"]
[WhiteTeam "SK Ingolstadt"]
[BlackTeam "SC Erlangen 48/88 e.V."]

1. c4 g6 2. Nc3 Bg7 3. d4 c5 4. Nf3 cxd4 5. Nxd4 Nc6 6. e3 Nf6 7. Be2 O-O 8.
O-O Nxd4 9. Qxd4 d6 10. Rd1 Be6 11. Qh4 Rc8 12. Bd2 Qb6 13. b3 d5 14. Na4 Qc7
15. cxd5 Bxd5 16. Rac1 Qb8 17. Nc3 Bc6 18. e4 b5 19. Bf4 Qb7 20. f3 Rfd8 21.
Rxd8+ Rxd8 22. Qg5 a6 23. a4 bxa4 24. Qa5 Ra8 25. bxa4 Qa7+ 26. Kf1 Nh5 27. Bd2
Bd4 28. Nd1 Qd7 29. Rc4 e5 30. Nc3 Qe7 31. g3 Qd7 32. Kg2 Nf6 33. Bg5 Qd6 34.
Bxf6 Qxf6 35. Qc7 Be8 36. Qb7 Rd8 37. Nd5 Qd6 38. Rc8 Kg7 39. Rxd8 Qxd8 40.
Qxa6 Qg5 41. Qd3 Bxa4 42. f4 1/2-1/2

[Event "BEM2013 Allgemeine Gruppe"]
[Site "Roses Westerndorf St. Peter"]
[Date "2013.08.26"]
[Round "3.6"]
[White "Graf, Christian"]
[Black "Lentrodt, Thomas"]
[Result "1/2-1/2"]
[WhiteElo "2146"]
[BlackElo "2274"]
[PlyCount "43"]
[EventDate "2013.??.??"]
[EventCountry "ESP"]
[WhiteTeam "SU Ebersberg-Grafing"]
[BlackTeam "FC Bayern München e.V."]

1. e4 e6 2. d4 d5 3. Nd2 Nf6 4. Bd3 c5 5. e5 Nfd7 6. c3 Nc6 7. Ne2 cxd4 8. cxd4
Qb6 9. Nf3 f6 10. exf6 Nxf6 11. O-O Bd6 12. Bf4 Qc7 13. Bxd6 Qxd6 14. Bb5 Bd7
15. Bxc6 Bxc6 16. Ne5 O-O 17. Nc3 Rac8 18. Re1 Rc7 19. Re3 Nd7 20. Qd2 Nxe5 21.
Rxe5 Bd7 22. Rae1 1/2-1/2

[Event "BEM2013 Allgemeine Gruppe"]
[Site "Roses Westerndorf St. Peter"]
[Date "2013.08.26"]
[Round "3.7"]
[White "Probst, Albert"]
[Black "Knechtel, Roland"]
[Result "0-1"]
[WhiteElo "2123"]
[BlackElo "2221"]
[PlyCount "102"]
[EventDate "2013.??.??"]
[EventCountry "ESP"]
[WhiteTeam "SK Bruckmühl e.V."]
[BlackTeam "SV Röhrnbach e.V."]

1. f4 c5 2. Nf3 d6 3. b3 Nf6 4. Bb2 e6 5. e3 a6 6. Be2 Be7 7. O-O Qc7 8. d3 O-O
9. e4 Nc6 10. a4 b6 11. Na3 Bb7 12. Qd2 Rad8 13. Rae1 d5 14. exd5 Nxd5 15. Ne5
Nd4 16. Bd1 Bh4 17. g3 Bf6 18. c3 Nf5 19. Bf3 Rfe8 20. Qf2 Be7 21. Nc2 b5 22.
axb5 axb5 23. c4 bxc4 24. dxc4 Nf6 25. Qg2 Rb8 26. Nc6 Bxc6 27. Bxc6 Red8 28.
Be5 Bd6 29. Bxf6 gxf6 30. Ba4 Be7 31. Rd1 Nd6 32. Rd2 f5 33. Rfd1 Ne4 34. Rd7
Qa5 35. R1d3 Bf6 36. h4 Kh8 37. Rxd8+ Rxd8 38. Rxd8+ Qxd8 39. Qe2 Nc3 40. Qf3
Qd2 41. Qf2 Qd1+ 42. Kg2 Qg4 43. Kf1 Bxh4 44. Qe3 Qd1+ 45. Ne1 Ne4 46. Be8 Kg8
47. Bc6 Nd2+ 48. Kg2 Qxe1 49. Qd3 Qf2+ 50. Kh3 Bf6 51. Qd7 Nf1 0-1

[Event "BEM2013 Allgemeine Gruppe"]
[Site "Roses Westerndorf St. Peter"]
[Date "2013.08.26"]
[Round "3.8"]
[White "Kapfer, Ulrich"]
[Black "Schatz, Christian"]
[Result "1-0"]
[WhiteElo "1937"]
[BlackElo "2193"]
[PlyCount "123"]
[EventDate "2013.??.??"]
[EventCountry "ESP"]
[WhiteTeam "SC Dillingen"]
[BlackTeam "Schachklub Schweinfurt 2000 e.V."]

1. d4 g6 2. Nf3 Bg7 3. c4 d6 4. Nc3 Nf6 5. e4 O-O 6. Be3 Nbd7 7. h3 e5 8. Qd2
exd4 9. Nxd4 Re8 10. f3 c6 11. g4 Nb6 12. O-O-O d5 13. exd5 cxd5 14. c5 Nc4 15.
Bxc4 dxc4 16. Bg5 Qc7 17. Bxf6 Bxf6 18. Nd5 Qd8 19. Nb5 Be6 20. Nbc7 Bxd5 21.
Nxe8 Bg5 22. f4 Bxh1 23. Nd6 Bf6 24. Rxh1 c3 25. bxc3 Qa5 26. Nxb7 Qa3+ 27. Qb2
Qa4 28. Nd6 Qxf4+ 29. Kb1 Be5 30. Rd1 Rd8 31. Qb4 Qf3 32. Kc2 Bf4 33. Qb3 Qe2+
34. Kb1 Qe7 35. Ka1 a5 36. Nb7 Rxd1+ 37. Qxd1 Qxb7 38. Qd8+ Kg7 39. Qd4+ Kg8
40. Qxf4 Qh1+ 41. Kb2 Qg2+ 42. Ka3 Qxh3 43. Qc4 Qg3 44. c6 Qc7 45. g5 Kf8 46.
Ka4 Ke7 47. Qc5+ Ke6 48. c4 f5 49. Qd5+ Ke7 50. c5 f4 51. Kb5 Qb8+ 52. Kxa5
Qa7+ 53. Kb5 Qb8+ 54. Kc4 Qb2 55. Qd6+ Ke8 56. a4 f3 57. c7 Qe2+ 58. Kb4 Qe4+
59. Ka5 Qe1+ 60. Ka6 Qe2+ 61. Ka7 f2 62. c8=Q+ 1-0

[Event "BEM2013 Allgemeine Gruppe"]
[Site "Roses Westerndorf St. Peter"]
[Date "2013.08.26"]
[Round "3.9"]
[White "Dirmeier, Carolin"]
[Black "Bintakies, Michael"]
[Result "1/2-1/2"]
[WhiteElo "2030"]
[BlackElo "2189"]
[PlyCount "52"]
[EventDate "2013.??.??"]
[EventCountry "ESP"]
[WhiteTeam "FC Bayern München e.V."]
[BlackTeam "SK Kriegshaber"]

1. e4 d5 2. exd5 Qxd5 3. Nc3 Qd6 4. g3 Nc6 5. Bg2 Bf5 6. d3 Qd7 7. Be3 O-O-O 8.
Qf3 Nf6 9. h3 e5 10. O-O-O Bb4 11. Nge2 a6 12. a3 Be7 13. g4 Be6 14. Qg3 Nd5
15. Bd2 g5 16. Rhe1 f6 17. Kb1 h5 18. d4 exd4 19. Nxd4 Bd6 20. Qd3 Nxd4 21.
Nxd5 Be5 22. Nb4 c5 23. Nxa6 c4 24. Qe4 Qb5 25. Nb4 Nc6 26. Bf3 Rd4 1/2-1/2

[Event "BEM2013 Allgemeine Gruppe"]
[Site "Roses Westerndorf St. Peter"]
[Date "2013.08.26"]
[Round "3.10"]
[White "Zill, Christoph"]
[Black "Schlichtmann, Robin"]
[Result "1-0"]
[WhiteElo "2205"]
[BlackElo "1983"]
[PlyCount "113"]
[EventDate "2013.??.??"]
[EventCountry "ESP"]
[WhiteTeam "SK Freising"]
[BlackTeam "SK Bruckmühl e.V."]

1. e4 e6 2. d4 d5 3. Nc3 Nf6 4. Bg5 Bb4 5. exd5 exd5 6. Qf3 Nbd7 7. Bd3 O-O 8.
Nge2 Re8 9. O-O-O b6 10. Kb1 Be7 11. Ng3 Nf8 12. Nf5 Bxf5 13. Bxf5 Ne4 14. Bc1
Nd6 15. Bd3 Ne6 16. Ne2 Ng5 17. Bxg5 Bxg5 18. h4 Bf6 19. g4 g6 20. g5 Bg7 21.
Qg2 Qd7 22. h5 Re7 23. hxg6 hxg6 24. Nf4 Nf5 25. Qh3 Nxd4 26. Qh7+ Kf8 27. Bxg6
Qd6 28. Bxf7 Kxf7 29. Rxd4 Rh8 30. Qf5+ Qf6 31. g6+ Kf8 32. Rxh8+ Bxh8 33.
Qxf6+ Bxf6 34. Rd1 Re4 35. Nh5 Be5 36. f4 Bg7 37. Rf1 Kg8 38. c3 Re2 39. Nxg7
Kxg7 40. f5 Kf6 41. a4 a5 42. Rf3 c5 43. Kc1 d4 44. cxd4 cxd4 45. Kd1 Rg2 46.
b3 Rh2 47. Ke1 Rg2 48. Kf1 Rc2 49. Rg3 Rc8 50. g7 Rg8 51. Ke2 Kxf5 52. Kd3 Ke5
53. Rg1 Kd5 54. Rg5+ Ke6 55. Kxd4 Kf6 56. Rg1 Rxg7 57. Rxg7 1-0

[Event "BEM2013 Allgemeine Gruppe"]
[Site "Roses Westerndorf St. Peter"]
[Date "2013.08.26"]
[Round "3.11"]
[White "Schindler, Viktor"]
[Black "Schelle, Artur"]
[Result "1-0"]
[WhiteElo "2120"]
[BlackElo "2210"]
[PlyCount "59"]
[EventDate "2013.??.??"]
[EventCountry "ESP"]
[WhiteTeam "PTSV SK Hof 1892"]
[BlackTeam "SC Tarrasch 45 München"]

1. e4 d5 2. exd5 Qxd5 3. Nc3 Qa5 4. Nf3 Nf6 5. Be2 Nc6 6. O-O Bg4 7. h3 Bh5 8.
Rb1 e5 9. g4 Bg6 10. a3 Qc5 11. b4 Qd6 12. d3 O-O-O 13. Nd2 Nd4 14. Nc4 Qe6 15.
f4 exf4 16. Bxf4 b5 17. Re1 Kb8 18. g5 Nd5 19. Nxd5 Qxd5 20. Ne3 Qd7 21. Bf1
Bxb4 22. Bg2 Bh5 23. Ng4 Bxg4 24. Qxg4 Qxg4 25. h4 Ne6 26. Bd2 Qh3 27. Be4 c5
28. Bf3 Nd4 29. Bd1 g6 30. Bc3 1-0

[Event "BEM2013 Allgemeine Gruppe"]
[Site "Roses Westerndorf St. Peter"]
[Date "2013.08.26"]
[Round "3.12"]
[White "Eichner, Manfred"]
[Black "Kunz, Konstantin"]
[Result "1-0"]
[WhiteElo "2042"]
[BlackElo "2174"]
[PlyCount "111"]
[EventDate "2013.??.??"]
[EventCountry "ESP"]
[WhiteTeam "SK 1908 Göggingen"]
[BlackTeam "SC Kitzingen von 1905"]

1. e4 c5 2. Nf3 e6 3. d3 Nc6 4. g3 Nf6 5. Bg2 d5 6. Nbd2 Be7 7. O-O O-O 8. Re1
h6 9. e5 Nd7 10. c3 Re8 11. d4 b5 12. Nf1 a5 13. h4 Ba6 14. N3h2 cxd4 15. cxd4
Rc8 16. a3 b4 17. Be3 bxa3 18. bxa3 Bf8 19. Qg4 Kh7 20. Rec1 Ne7 21. Rxc8 Bxc8
22. Bd2 Ba6 23. Qd1 Nb8 24. Qa4 Nbc6 25. Rb1 Bd3 26. Rb2 Qc7 27. Qb3 Bg6 28.
Qc3 Rb8 29. Ne3 Kg8 30. Bf1 Rb6 31. Bb5 Qb8 32. a4 Nf5 33. Nxf5 Bxf5 34. g4 Be4
35. Be3 Nb4 36. f3 Bh7 37. Rg2 Rxb5 38. axb5 Qxb5 39. h5 Qc4 40. Qd2 Qd3 41. g5
Nc2 42. Qxd3 Bxd3 43. Bd2 Bb4 44. gxh6 Bxd2 45. Rxd2 Bf5 46. hxg7 Kxg7 47. Rg2+
Kf8 48. Ng4 Nxd4 49. Kf2 Nxf3 50. Ke3 Bxg4 51. Rxg4 Nxe5 52. Rg1 d4+ 53. Ke4 f6
54. h6 Nf7 55. h7 Ng5+ 56. Rxg5 1-0

[Event "BEM2013 Allgemeine Gruppe"]
[Site "Roses Westerndorf St. Peter"]
[Date "2013.08.26"]
[Round "3.14"]
[White "Feldheim, Jonas"]
[Black "Jussupow, Nadia"]
[Result "1-0"]
[WhiteElo "2009"]
[BlackElo "2156"]
[PlyCount "107"]
[EventDate "2013.??.??"]
[EventCountry "ESP"]
[WhiteTeam "SC Bechhofen 1923 e.V."]
[BlackTeam "SK Krumbach"]

1. e4 e6 2. d4 d5 3. Nc3 Nf6 4. Bg5 Bb4 5. e5 h6 6. Bc1 Ne4 7. Qg4 g6 8. Nge2
c5 9. a3 cxd4 10. axb4 dxc3 11. Nxc3 Nxc3 12. bxc3 Qc7 13. Qg3 Nc6 14. f4 Bd7
15. Bd2 a6 16. Qh4 Na7 17. Qf6 Rg8 18. Kf2 Rc8 19. Bd3 Bb5 20. Rhe1 Qe7 21.
Qxe7+ Kxe7 22. Be3 Bxd3 23. cxd3 Nb5 24. Bc5+ Rxc5 25. bxc5 Nxc3 26. c6 bxc6
27. Rxa6 Rc8 28. Ra7+ Ke8 29. Rea1 Nb5 30. Ra8 Rxa8 31. Rxa8+ Ke7 32. Rh8 h5
33. Rb8 Kd7 34. Kg3 Nc7 35. Kh4 c5 36. Rb1 d4 37. Kg5 Nd5 38. Rb7+ Kc6 39. Rxf7
Nb4 40. Re7 Nxd3 41. Rxe6+ Kb7 42. Rxg6 c4 43. Rg7+ Kc6 44. e6 c3 45. e7 Kd7
46. Kf6 Nxf4 47. Kf7 c2 48. e8=Q+ Kd6 49. Qb8+ Kd5 50. Qb5+ Ke4 51. Qc6+ Ke3
52. Rg3+ Ke2 53. Qc4+ Ke1 54. Qxc2 1-0

[Event "BEM2013 Allgemeine Gruppe"]
[Site "Roses Westerndorf St. Peter"]
[Date "2013.08.26"]
[Round "3.15"]
[White "Eichinger, Christoph"]
[Black "Müller, Michael"]
[Result "1-0"]
[WhiteElo "1989"]
[BlackElo "2091"]
[PlyCount "51"]
[EventDate "2013.??.??"]
[EventCountry "ESP"]
[WhiteTeam "TSV Kareth-Lappersdorf"]
[BlackTeam "SC Bayerwald Regen/Zwiesel e.V."]

1. e4 d6 2. d4 Nf6 3. f3 e5 4. dxe5 dxe5 5. Qxd8+ Kxd8 6. Bc4 Be6 7. Bxe6 fxe6
8. Be3 Bd6 9. Nd2 Nc6 10. O-O-O Ke7 11. Ne2 Rhf8 12. Ng3 a5 13. a4 h6 14. Nc4
Rab8 15. Nxd6 cxd6 16. Bb6 Ra8 17. Rd2 Ra6 18. Be3 Rc8 19. Kb1 Nd8 20. Rhd1 Nf7
21. Ne2 d5 22. exd5 exd5 23. f4 Kf8 24. fxe5 Nxe5 25. Bd4 Re6 26. Bxe5 1-0

[Event "BEM2013 Allgemeine Gruppe"]
[Site "Roses Westerndorf St. Peter"]
[Date "2013.08.27"]
[Round "4.1"]
[White "Schmid, Roland"]
[Black "Stips, Felix"]
[Result "0-1"]
[WhiteElo "2235"]
[BlackElo "2287"]
[PlyCount "108"]
[EventDate "2013.??.??"]
[EventCountry "ESP"]
[WhiteTeam "TSV Wacker Neutraubling"]
[BlackTeam "TSV Bindlach Aktionär-Schachabte"]

1. d4 d5 2. c4 c6 3. Nf3 Nf6 4. Nc3 a6 5. Qb3 dxc4 6. Qxc4 b5 7. Qd3 e6 8. g3
c5 9. Bg2 Bb7 10. O-O Nbd7 11. Bf4 Be7 12. Rfd1 O-O 13. Ne5 Bxg2 14. Kxg2 cxd4
15. Qxd4 Nxe5 16. Qxe5 Qb6 17. f3 Rac8 18. Rac1 h6 19. Be3 Qb7 20. Kg1 Rc4 21.
b3 Rc6 22. Ne4 Nd5 23. Rxc6 Qxc6 24. Rc1 Qd7 25. Bc5 Rc8 26. Qd4 f5 27. Nd2 e5
28. Qf2 Nb4 29. Nf1 Nxa2 30. Rc2 f4 31. Kg2 Nb4 32. Rd2 Qe6 33. Bxe7 Qxe7 34.
Qb6 Kh7 35. e3 Rc6 36. Qb8 Qc7 37. Qxc7 Rxc7 38. gxf4 exf4 39. Rd4 Rc2+ 40. Kh3
fxe3 41. Nxe3 Rc3 42. Nf5 Rxf3+ 43. Kg4 Rxb3 44. Rd7 Kg6 45. Rxg7+ Kf6 46. Rh7
Ke5 47. Rxh6 a5 48. Ne7 a4 49. Rb6 Nc2 50. Nc6+ Kd5 51. Ne7+ Kc4 52. Rc6+ Kd3
53. Ng6 a3 54. Ne5+ Kd2 0-1

[Event "BEM2013 Allgemeine Gruppe"]
[Site "Roses Westerndorf St. Peter"]
[Date "2013.08.27"]
[Round "4.2"]
[White "Pohl-Kuemmel, Jens-Uwe"]
[Black "Reich, Thomas"]
[Result "1/2-1/2"]
[WhiteElo "2292"]
[BlackElo "2382"]
[PlyCount "93"]
[EventDate "2013.??.??"]
[EventCountry "ESP"]
[WhiteTeam "TSV Wacker Neutraubling"]
[BlackTeam "FC Bayern München e.V."]

1. d4 Nf6 2. c4 g6 3. Nc3 Bg7 4. e4 O-O 5. Nf3 d6 6. Be2 Bg4 7. Be3 Nfd7 8. Ng1
Bxe2 9. Ngxe2 c5 10. O-O cxd4 11. Nxd4 Nc6 12. Rc1 Nxd4 13. Bxd4 Bxd4 14. Qxd4
Qb6 15. Qd2 Rfc8 16. Nd5 Qd8 17. Qg5 Nf6 18. Nxf6+ exf6 19. Qf4 Qe7 20. Rfd1
Rc6 21. b3 Qe5 22. Qxe5 fxe5 23. Rd5 Kf8 24. Rc3 a6 25. Rcd3 Ke7 26. g4 b5 27.
cxb5 axb5 28. Rxb5 Rxa2 29. Rb7+ Ke6 30. Rf3 Re2 31. Rfxf7 Rxe4 32. h3 Rf4 33.
Rxf4 exf4 34. Rxh7 d5 35. Rg7 Ke5 36. Kg2 d4 37. Re7+ Kd5 38. Rd7+ Ke4 39. h4
d3 40. Re7+ Kd4 41. Rd7+ Kc3 42. Kf3 Rf6 43. b4 d2 44. b5 Kc2 45. Rc7+ Kd3 46.
Rd7+ Kc2 47. Rc7+ 1/2-1/2

[Event "BEM2013 Allgemeine Gruppe"]
[Site "Roses Westerndorf St. Peter"]
[Date "2013.08.27"]
[Round "4.3"]
[White "Baldauf, Marco"]
[Black "Straub, Jürgen"]
[Result "1-0"]
[WhiteElo "2412"]
[BlackElo "2218"]
[PlyCount "48"]
[EventDate "2013.??.??"]
[EventCountry "ESP"]
[WhiteTeam "SG Pang-Rosenheim 1910 e.V."]
[BlackTeam "SK Ingolstadt"]

1. Nf3 b6 2. g3 Bb7 3. Bg2 e5 4. d3 Nf6 5. O-O d6 6. Nc3 Be7 7. e4 O-O 8. Nh4
Re8 9. Nf5 Bf8 10. g4 Kh8 11. f4 Ng8 12. g5 g6 13. Ng3 exf4 14. Rxf4 Re7 15.
Qf1 Qe8 16. Be3 Bg7 17. Re1 Nd7 18. Qf2 c6 19. d4 f6 20. h4 fxg5 21. hxg5 Nf8
22. Nf5 gxf5 23. exf5 Nf6 24. gxf6 Bxf6 1-0

[Event "BEM2013 Allgemeine Gruppe"]
[Site "Roses Westerndorf St. Peter"]
[Date "2013.08.27"]
[Round "4.4"]
[White "Knechtel, Roland"]
[Black "Wittmann, Helmut"]
[Result "1-0"]
[WhiteElo "2221"]
[BlackElo "2093"]
[PlyCount "63"]
[EventDate "2013.??.??"]
[EventCountry "ESP"]
[WhiteTeam "SV Röhrnbach e.V."]
[BlackTeam "BSG Wöhrlhaus Erlangen"]

1. Nf3 d5 2. d4 Bg4 3. Bg5 c6 4. Nbd2 Nd7 5. e3 h6 6. Bf4 Ngf6 7. Bd3 Nh5 8. h3
Nxf4 9. exf4 Bxf3 10. Nxf3 g5 11. Qd2 Rg8 12. f5 Qb6 13. O-O-O g4 14. hxg4 Rxg4
15. g3 O-O-O 16. c3 c5 17. Qe2 cxd4 18. Nxd4 Rg8 19. Bc2 Nf6 20. Nf3 h5 21. Ne5
Bh6+ 22. Kb1 Rgf8 23. Rh4 Qc7 24. Rhd4 Bg7 25. f4 Qb6 26. Rb4 Qc5 27. Nxf7 Ne4
28. Bxe4 Rxf7 29. Bxd5 Rxd5 30. Qe6+ Kb8 31. Rxd5 Qg1+ 32. Kc2 1-0

[Event "BEM2013 Allgemeine Gruppe"]
[Site "Roses Westerndorf St. Peter"]
[Date "2013.08.27"]
[Round "4.5"]
[White "Willim, Michael"]
[Black "Kapfer, Ulrich"]
[Result "1-0"]
[WhiteElo "2111"]
[BlackElo "1937"]
[PlyCount "37"]
[EventDate "2013.??.??"]
[EventCountry "ESP"]
[WhiteTeam "SC Erlangen 48/88 e.V."]
[BlackTeam "SC Dillingen"]

1. c4 b6 2. Nc3 Bb7 3. e4 c5 4. Nge2 d6 5. g3 Nf6 6. Bg2 g6 7. O-O Bg7 8. e5
Bxg2 9. exf6 Bxf1 10. fxg7 Rg8 11. Qxf1 h5 12. Qg2 Nd7 13. d4 Rc8 14. Bh6 cxd4
15. Nxd4 Rxc4 16. Rd1 a6 17. Nd5 b5 18. Qe4 e5 19. Qe3 1-0

[Event "BEM2013 Allgemeine Gruppe"]
[Site "Roses Westerndorf St. Peter"]
[Date "2013.08.27"]
[Round "4.6"]
[White "Bintakies, Michael"]
[Black "Wilfert, André"]
[Result "1/2-1/2"]
[WhiteElo "2189"]
[BlackElo "2057"]
[PlyCount "83"]
[EventDate "2013.??.??"]
[EventCountry "ESP"]
[WhiteTeam "SK Kriegshaber"]
[BlackTeam "1.FC Marktleuthen"]

1. f4 Nf6 2. g3 g6 3. Bg2 d5 4. Nf3 Bg7 5. O-O O-O 6. d3 Nc6 7. Nbd2 Qd6 8. c3
e5 9. fxe5 Nxe5 10. Nxe5 Qxe5 11. e4 dxe4 12. Nxe4 Nxe4 13. Bxe4 Bh3 14. Re1
Qb5 15. Qf3 Bc8 16. d4 c6 17. a4 Qb3 18. d5 Bd7 19. dxc6 Bxc6 20. Bxc6 Qb6+ 21.
Be3 Qxc6 22. Qxc6 bxc6 23. Bc5 Rfb8 24. Re2 Rb7 25. Rd1 Rab8 26. Rd3 Bf8 27.
Bxf8 Kxf8 28. b4 a5 29. bxa5 Ra8 30. Re5 Rba7 31. a6 Rxa6 32. Rd7 R6a7 33. Rxa7
Rxa7 34. a5 Ra6 35. Kf2 f6 36. Rc5 Ke7 37. Ke3 Kd6 38. Kd4 Ra8 39. Kc4 Re8 40.
Kb4 Rb8+ 41. Kc4 Re8 42. Kb4 1/2-1/2

[Event "BEM2013 Allgemeine Gruppe"]
[Site "Roses Westerndorf St. Peter"]
[Date "2013.08.27"]
[Round "4.7"]
[White "Lentrodt, Thomas"]
[Black "Schindler, Viktor"]
[Result "1-0"]
[WhiteElo "2274"]
[BlackElo "2120"]
[PlyCount "99"]
[EventDate "2013.??.??"]
[EventCountry "ESP"]
[WhiteTeam "FC Bayern München e.V."]
[BlackTeam "PTSV SK Hof 1892"]

1. g3 Nf6 2. Bg2 d5 3. c4 e5 4. cxd5 Nxd5 5. Nc3 Nb6 6. Nf3 Nc6 7. d3 Be7 8.
O-O O-O 9. Be3 Be6 10. Na4 Bd5 11. Nc3 Be6 12. a3 f6 13. Nd2 Qd7 14. Rc1 Bh3
15. Bxh3 Qxh3 16. Qb3+ Kh8 17. Nd5 Nxd5 18. Qxd5 Rad8 19. Qg2 Qxg2+ 20. Kxg2 f5
21. f4 Bf6 22. fxe5 Bxe5 23. Nc4 Rde8 24. Bc5 Rf6 25. Bf2 Rfe6 26. a4 Bf6 27.
e3 Nb4 28. Rfd1 c6 29. a5 Rd8 30. d4 Nd5 31. Re1 g6 32. Kf3 Rde8 33. h3 Rf8 34.
Rc2 Be7 35. Ne5 Bb4 36. Ra1 Nb6 37. a6 c5 38. axb7 a5 39. Be1 Bxe1 40. Rxe1 Rb8
41. Rxc5 Rxb7 42. Re2 Rd6 43. g4 Nc4 44. Rc8+ Kg7 45. gxf5 gxf5 46. Rg2+ Kf6
47. Rf8+ Ke6 48. Kf4 Nb6 49. Nd3 Nd7 50. Rxf5 1-0